|
|
|
|
| LEADER |
00915cam a2200253 7i4500 |
| 001 |
0000034810 |
| 005 |
20190613090000.0 |
| 008 |
110330 eng |
| 020 |
|
|
|a 9780123813992 (hbk.)
|
| 090 |
0 |
0 |
|a QA901
|b .K87 2008
|
| 100 |
1 |
|
|a Kundu, Pijush K
|
| 245 |
1 |
0 |
|a Fluid mechanics
|c Pijush K. Kundu, Ira M. Cohen ; with contributions by P.S. Ayyaswamy and H.H. Hu.
|
| 250 |
|
|
|a 4th ed.
|
| 260 |
|
|
|a Amsterdam:
|b Elsevier,
|c 2008.
|
| 300 |
|
|
|a xxviii, 872 p.:
|b ill.;
|c 27 cm..
|
| 500 |
|
|
|a Includes index
|
| 501 |
|
|
|a With DVD-ROM : Multimedia fluid mechanics
|
| 650 |
0 |
0 |
|a Fluid mechanics
|
| 700 |
1 |
|
|a Cohen, Ira M
|
| 700 |
1 |
|
|a Ayyaswamy, P. S
|
| 700 |
1 |
|
|a Hu, H. H
|
| 997 |
|
|
|a Engineering & Life Sciences, Faculty
|b Engineering, Department
|
| 999 |
|
|
|a 0000048787
|b BOK
|c OPEN SHELF
|e 2nd Floor, Bestari Jaya
|
| 999 |
|
|
|a DVD0000315
|b DVD-ROM
|c OPEN SHELF
|e Circulation Counter, Bestari Jaya
|